000
00325nam a2200133Ia 4500
008
240624s9999 xx 000 0 und d
041
_a
eng
082
_a
327.12730092 CRU
100
_a
CRUMPTON HENRY A
245
_a
ART OF INTELLIGENCE
260
_c
2012
_a
New Delhi
_b
Penguin Press
300
_a
352 : p.
365
_c
RS
_b
25
999
_c
19284
_d
19284